[Event "NRW Class2 1819"]
[Site "Germany"]
[Date "2019.02.17"]
[Round "6.7"]
[White "Neuer, Thomas"]
[Black "Gruettemeier, Uwe"]
[Result "1/2-1/2"]
[WhiteElo "2132"]
[BlackElo "2010"]
[PlyCount "121"]
[EventDate "2018.09.16"]
[EventType "team-tourn"]
[EventRounds "9"]
[EventCountry "GER"]
[SourceTitle "EXT 2022"]
[Source "ChessBase"]
[SourceDate "2021.10.06"]
[SourceVersion "1"]
[SourceVersionDate "2021.10.06"]
[SourceQuality "1"]
[WhiteTeam "Essen Katernberg"]
[BlackTeam "Bielefeld"]
[WhiteTeamCountry "GER"]
[BlackTeamCountry "GER"]

1. Nf3 d5 2. g3 g6 3. c4 c6 4. cxd5 cxd5 5. d4 Bg7 6. Nc3 Nc6 7. Bg2 Nf6 8. Ne5 0-0 9. Nxc6 bxc6 10. 0-0 Bf5 11. Bf4 Nd7 12. Rc1 e5 13. dxe5 Nxe5 14. b3 Rc8 15. Na4 Qe7 16. Qd2 Rfe8 17. Rfe1 Nd7 18. Be3 Nf6 19. Bd4 Ne4 20. Qb2 Bxd4 21. Qxd4 Qb7 22. Nc5 Nxc5 23. Rxc5 Qa6 24. Qd2 Rcd8 25. e3 Qb6 26. Rec1 Bd7 27. h4 Qb8 28. Qd4 Qe5 29. Qxe5 Rxe5 30. Ra5 Ra8 31. e4 Rae8 32. Rxa7 Bc8 33. Rxc6 dxe4 34. Ra8 Bf5 35. Rxe8+ Rxe8 36. Ra6 Rd8 37. g4 Rd1+ 38. Kh2 Bxg4 39. Bxe4 Be6 40. Kg2 Rd4 41. Ra4 Rd2 42. Kf3 Kg7 43. Ke3 Rb2 44. Ra5 Kh6 45. Bf3 f5 46. Ra6 Bg8 47. h5 Kg5 48. hxg6 hxg6 49. Bc6 Be6 50. f4+ Kh4 51. Be8 Bxb3 52. axb3 Rxb3+ 53. Ke2 g5 54. fxg5 Kxg5 55. Ra2 Kf4 56. Bd7 Re3+ 57. Kf2 Re5 58. Ra4+ Re4 59. Ra3 Re5 60. Rf3+ Kg4 61. Rxf5 1/2-1/2

[Event "NRW Class2 1617"]
[Site "Germany"]
[Date "2017.03.05"]
[Round "7.4"]
[White "Tkachuk, Sergij"]
[Black "Neuer, Thomas"]
[Result "1/2-1/2"]
[WhiteElo "2195"]
[BlackElo "2096"]
[PlyCount "65"]
[EventDate "2016.09.25"]
[EventType "team-tourn"]
[EventRounds "9"]
[EventCountry "GER"]
[SourceTitle "EXT 2023"]
[Source "ChessBase"]
[SourceDate "2022.10.05"]
[SourceVersion "1"]
[SourceVersionDate "2022.10.05"]
[SourceQuality "1"]
[WhiteTeam "Bochum SG II"]
[BlackTeam "Muenster SK II"]
[WhiteTeamCountry "GER"]
[BlackTeamCountry "GER"]

1. e4 e6 2. d4 d5 3. exd5 exd5 4. Nf3 c5 5. dxc5 Bxc5 6. Bd3 Nf6 7. 0-0 0-0 8. Nc3 Nc6 9. a3 h6 10. b4 Bb6 11. h3 Re8 12. Re1 Be6 13. Na4 Bc7 14. Nc5 Bc8 15. Bb2 Nd7 16. Nxd7 Bxd7 17. Qd2 Bb6 18. Rxe8+ Qxe8 19. Qf4 Qb8 20. Ne5 Be6 21. Re1 Bc7 22. Nxc6 Bxf4 23. Nxb8 Bxb8 24. Bd4 Bd6 25. Be5 Bf8 26. f4 a5 27. f5 Bd7 28. c3 axb4 29. axb4 Ra3 30. Rd1 Ba4 31. Rd2 Be7 32. Be2 Bb3 33. Bf3 1/2-1/2

[Event "NRW Class2 1617"]
[Site "Germany"]
[Date "2016.09.25"]
[Round "1.5"]
[White "Paalman, Henk Jan"]
[Black "Neuer, Thomas"]
[Result "1/2-1/2"]
[WhiteElo "2128"]
[BlackElo "2096"]
[PlyCount "99"]
[EventDate "2016.09.25"]
[EventType "team-tourn"]
[EventRounds "9"]
[EventCountry "GER"]
[SourceTitle "EXT 2023"]
[Source "ChessBase"]
[SourceDate "2022.10.05"]
[SourceVersion "1"]
[SourceVersionDate "2022.10.05"]
[SourceQuality "1"]
[WhiteTeam "Emsdetten Rochade"]
[BlackTeam "Muenster SK II"]
[WhiteTeamCountry "GER"]
[BlackTeamCountry "GER"]

1. d4 e6 2. c4 Bb4+ 3. Bd2 a5 4. Nf3 d6 5. g3 Nf6 6. Bg2 Nc6 7. 0-0 e5 8. Bg5 exd4 9. Nxd4 Nxd4 10. Qxd4 h6 11. Bxf6 Qxf6 12. Qxf6 gxf6 13. a3 Bc5 14. Nc3 c6 15. e3 Ke7 16. Na4 Be6 17. Rfc1 Ra6 18. Bf1 Rc8 19. Bd3 Bd7 20. Rcb1 Rca8 21. Nc3 Be6 22. Rd1 Rd8 23. Rd2 Raa8 24. Rad1 Rd7 25. Be2 Rad8 26. Kg2 Ra8 27. e4 Rdd8 28. f4 Be3 29. Rc2 f5 30. exf5 Bxf5 31. Bd3 Bxd3 32. Rxd3 Bc5 33. Re2+ Kf8 34. Ne4 b5 35. cxb5 cxb5 36. Rd5 Rac8 37. Kf3 Rc6 38. Red2 Re8 39. f5 b4 40. a4 b3 41. R2d3 Rb8 42. Nxd6 Bxd6 43. Rxd6 Rc2 44. Rd8+ Rxd8 45. Rxd8+ Kg7 46. h4 Rxb2 47. Rd5 Rb1 48. Kg2 b2 49. Rb5 h5 50. Rb6 1/2-1/2

[Event "Oberliga NRW 1516"]
[Site "Germany"]
[Date "2015.12.20"]
[Round "4.5"]
[White "Franke, Johannes"]
[Black "Neuer, Thomas"]
[Result "1-0"]
[WhiteElo "2257"]
[BlackElo "2060"]
[PlyCount "51"]
[EventDate "2015.09.27"]
[EventType "team-tourn"]
[EventRounds "9"]
[EventCountry "GER"]
[SourceTitle "EXT 2017"]
[Source "ChessBase"]
[SourceDate "2016.10.25"]
[SourceVersion "1"]
[SourceVersionDate "2016.10.25"]
[SourceQuality "1"]
[WhiteTeam "Wattenscheid"]
[BlackTeam "Muenster"]
[WhiteTeamCountry "GER"]
[BlackTeamCountry "GER"]

1. e4 e6 2. d3 d5 3. Nd2 Nf6 4. e5 Nfd7 5. f4 c5 6. Ngf3 Nc6 7. g3 f6 8. exf6 Qxf6 9. Bg2 Bd6 10. 0-0 0-0 11. c3 a5 12. Qe2 Nb6 13. Ne5 Nxe5 14. fxe5 Qxe5 15. Rxf8+ Kxf8 16. Ne4 dxe4 17. Bf4 exd3 18. Qf2 Qf5 19. Bh3 Qf6 20. Bxd6+ Ke8 21. Qxc5 d2 22. Qxb6 Ra6 23. Qb5+ Bd7 24. Qh5+ g6 25. Qe5 Qxe5 26. Bxe5 1-0

[Event "Oberliga NRW 1314"]
[Site "Germany"]
[Date "2013.10.06"]
[Round "2.7"]
[White "Chilla, Jan Eric"]
[Black "Neuer, Thomas"]
[Result "0-1"]
[WhiteElo "2129"]
[BlackElo "2062"]
[PlyCount "92"]
[EventDate "2013.09.15"]
[EventType "team-tourn"]
[EventRounds "9"]
[EventCountry "GER"]
[SourceTitle "EXT 2015"]
[Source "ChessBase"]
[SourceDate "2014.11.20"]
[SourceVersion "1"]
[SourceVersionDate "2014.11.20"]
[SourceQuality "1"]
[WhiteTeam "Muenster"]
[BlackTeam "Dinslaken"]
[WhiteTeamCountry "GER"]
[BlackTeamCountry "GER"]

1. Nf3 c5 2. b3 Nf6 3. Bb2 e6 4. g3 b6 5. Bg2 Bb7 6. 0-0 Be7 7. c4 0-0 8. e3 Qc7 9. Qe2 d6 10. Nc3 a6 11. Rac1 Nbd7 12. d4 cxd4 13. exd4 Rfe8 14. Rfe1 Rac8 15. Bh3 Bf8 16. Ng5 g6 17. Nxf7 Kxf7 18. Bxe6+ Kg7 19. d5 Ne5 20. Bxc8 Bxc8 21. f4 Qc5+ 22. Kg2 Bg4 23. fxe5 Bxe2 24. exf6+ Kf7 25. Rxe2 Rxe2+ 26. Nxe2 Qe3 27. Kf1 Qf3+ 28. Ke1 Qh1+ 29. Kf2 Qxh2+ 30. Kf3 Bh6 31. Re1 Bd2 32. Rd1 Qh6 33. Bd4 Bg5 34. Kg2 Qh5 35. Kf2 Bxf6 36. Bxb6 Qf5+ 37. Ke1 Ke7 38. Rc1 Kd7 39. b4 Qd3 40. c5 Qb5 41. c6+ Kc8 42. Be3 Qxd5 43. a4 Qb3 44. b5 axb5 45. axb5 Qxe3 46. Rb1 Bc3+ 0-1

[Event "Kecskemet Caissa IM 08"]
[Site "Kecskemet"]
[Date "2013.08.19"]
[Round "5"]
[White "Neuer, Thomas"]
[Black "Cuhendi, Sean Winshand"]
[Result "0-1"]
[WhiteElo "2088"]
[BlackElo "2287"]
[PlyCount "90"]
[EventDate "2013.08.17"]
[EventType "tourn"]
[EventRounds "14"]
[EventCountry "HUN"]
[EventCategory "1"]
[SourceTitle "CBM 156 Extra"]
[Source "ChessBase"]
[SourceDate "2013.10.22"]
[SourceVersion "1"]
[SourceVersionDate "2013.10.22"]
[SourceQuality "1"]

1. Nf3 d5 2. g3 Nc6 3. d4 Bg4 4. Bg2 Qd7 5. c4 dxc4 6. d5 0-0-0 7. Nc3 Bxf3 8. Bxf3 Ne5 9. Bg2 e6 10. Qd4 Nc6 11. Qxc4 Nb4 12. Qb3 Nxd5 13. 0-0 c6 14. e4 Nxc3 15. bxc3 Bc5 16. a4 Nf6 17. Bg5 h6 18. Bxf6 gxf6 19. Qc4 Qe7 20. Rfd1 Bb6 21. Bf3 Qc7 22. Qb4 Rdg8 23. Kg2 Rg5 24. Qd6 Qxd6 25. Rxd6 Rc5 26. Rd3 Rd8 27. Rad1 Rxd3 28. Rxd3 Ba5 29. h4 Bxc3 30. Bd1 b5 31. f4 Kc7 32. g4 Be1 33. h5 Rc3 34. Rxc3 Bxc3 35. Kf3 Kb6 36. Ke3 Kc5 37. Kd3 Kb4 38. Bc2 Bb2 39. axb5 cxb5 40. Bb1 a6 41. Kc2 Ka3 42. Kd2 b4 43. Bd3 b3 44. g5 fxg5 45. fxg5 hxg5 0-1

[Event "Kecskemet Caissa IM 08"]
[Site "Kecskemet"]
[Date "2013.08.18"]
[Round "3"]
[White "Neuer, Thomas"]
[Black "Somborski, Nebojsa"]
[Result "1/2-1/2"]
[WhiteElo "2088"]
[BlackElo "2339"]
[PlyCount "85"]
[EventDate "2013.08.17"]
[EventType "tourn"]
[EventRounds "14"]
[EventCountry "HUN"]
[EventCategory "1"]
[SourceTitle "CBM 156 Extra"]
[Source "ChessBase"]
[SourceDate "2013.10.22"]
[SourceVersion "1"]
[SourceVersionDate "2013.10.22"]
[SourceQuality "1"]

1. Nf3 d5 2. g3 Bg4 3. Bg2 Nd7 4. c4 e6 5. cxd5 exd5 6. Nc3 Ngf6 7. d3 c6 8. Qb3 Nc5 9. Qc2 Bd6 10. 0-0 0-0 11. e4 Re8 12. Nh4 dxe4 13. dxe4 Be5 14. f3 Be6 15. Rd1 Qe7 16. Be3 Nfd7 17. Bf2 g5 18. Nf5 Bxf5 19. exf5 Qf6 20. Rac1 Re7 21. Bf1 a5 22. b3 Rae8 23. a3 h6 24. b4 Bxc3 25. Qxc3 Qxc3 26. Rxc3 Na4 27. Rc2 axb4 28. axb4 Nab6 29. b5 Nd5 30. bxc6 bxc6 31. Rxc6 Ne5 32. Rxh6 Nxf3+ 33. Kg2 Ne3+ 34. Bxe3 Rxe3 35. Rhd6 Rb8 36. Rd8+ Rxd8 37. Rxd8+ Kg7 38. Rd6 Ne5 39. h3 Rc3 40. Rd2 g4 41. hxg4 Nxg4 42. Be2 Ne3+ 43. Kf2 1/2-1/2

[Event "NRW Class1 1213"]
[Site "Germany"]
[Date "2013.03.10"]
[Round "7.6"]
[White "Marx, Henning"]
[Black "Neuer, Thomas"]
[Result "1/2-1/2"]
[WhiteElo "1910"]
[BlackElo "2040"]
[PlyCount "51"]
[EventDate "2012.09.16"]
[EventType "team-tourn"]
[EventRounds "9"]
[EventCountry "GER"]
[SourceTitle "EXT 2017"]
[Source "ChessBase"]
[SourceDate "2016.10.25"]
[SourceVersion "1"]
[SourceVersionDate "2016.10.25"]
[SourceQuality "1"]
[WhiteTeam "Hattingen"]
[BlackTeam "Dinslaken"]
[WhiteTeamCountry "GER"]
[BlackTeamCountry "GER"]

1. d4 e6 2. Nf3 f5 3. g3 Nf6 4. Bg2 d5 5. 0-0 Bd6 6. e3 0-0 7. b3 Qe7 8. c4 c6 9. a4 a5 10. Ba3 Bxa3 11. Nxa3 Na6 12. Ne5 Bd7 13. Nc2 Be8 14. Qe1 Nb8 15. c5 Nbd7 16. Nxd7 Nxd7 17. f4 Bh5 18. b4 b6 19. cxb6 Nxb6 20. bxa5 Nc4 21. Nb4 Nxa5 22. Nd3 Rfb8 23. Nc5 Nb3 24. Nxb3 Rxb3 25. Qc1 Qd6 26. Rf2 1/2-1/2

[Event "Budapest FS10 FM-A2"]
[Site "Budapest"]
[Date "2012.10.10"]
[Round "4"]
[White "Laza, Szabolcs"]
[Black "Neuer, Thomas"]
[Result "1/2-1/2"]
[WhiteElo "2005"]
[BlackElo "2098"]
[PlyCount "82"]
[EventDate "2012.10.06"]
[EventType "tourn"]
[EventRounds "9"]
[EventCountry "HUN"]
[SourceTitle "EXT 2013"]
[Source "ChessBase"]
[SourceDate "2012.11.22"]
[SourceVersion "1"]
[SourceVersionDate "2012.11.22"]
[SourceQuality "1"]

1. d4 e6 2. Nf3 f5 3. g3 Nf6 4. Bg2 d5 5. 0-0 Bd6 6. c4 c6 7. b3 Qe7 8. Bb2 0-0 9. Qc1 b5 10. a4 b4 11. Nbd2 a5 12. Ne5 Bxe5 13. dxe5 Ne4 14. cxd5 cxd5 15. Bd4 Nd7 16. Nxe4 fxe4 17. Qc6 Ba6 18. Bh3 Kf7 19. f3 e3 20. Qc2 Qg5 21. f4 Qh6 22. Bg4 Rac8 23. Qd1 Qg6 24. Bf3 Ke7 25. Bxe3 Rc3 26. Bd4 Rc6 27. Rc1 Rfc8 28. Rxc6 Rxc6 29. f5 exf5 30. Bxd5 Rc8 31. e6 Nf6 32. Bxf6+ Qxf6 33. Bb7 Rd8 34. Bxa6 Rxd1 35. Rxd1 Qxe6 36. Bc4 Qe3+ 37. Kf1 f4 38. Rd3 Qe4 39. Rf3 fxg3 40. hxg3 Qd4 41. Rf4 Qe5 1/2-1/2

[Event "Budapest FS10 FM-A2"]
[Site "Budapest"]
[Date "2012.10.08"]
[Round "2"]
[White "Neuer, Thomas"]
[Black "Kaufmann, Attila"]
[Result "1-0"]
[WhiteElo "2098"]
[BlackElo "1941"]
[PlyCount "49"]
[EventDate "2012.10.06"]
[EventType "tourn"]
[EventRounds "9"]
[EventCountry "HUN"]
[SourceTitle "EXT 2013"]
[Source "ChessBase"]
[SourceDate "2012.11.22"]
[SourceVersion "1"]
[SourceVersionDate "2012.11.22"]
[SourceQuality "1"]

1. Nf3 d5 2. g3 c6 3. Bg2 Nf6 4. 0-0 g6 5. b3 Bg7 6. Bb2 0-0 7. c4 Bg4 8. d3 Nbd7 9. Nbd2 Re8 10. Qc2 e5 11. cxd5 cxd5 12. Rac1 e4 13. dxe4 dxe4 14. Nd4 Qe7 15. h3 e3 16. hxg4 exd2 17. Qxd2 Nxg4 18. Bxb7 Bh6 19. Qc3 Bxc1 20. Nc6 Qf6 21. Qxc1 Qe6 22. Bxa8 Rxa8 23. Nd4 Qb6 24. Qc6 Nge5 25. Qxa8+ 1-0

[Event "NRW Class1 1213"]
[Site "Germany"]
[Date "2012.09.16"]
[Round "1.6"]
[White "Neuer, Thomas"]
[Black "Haude, Ruediger"]
[Result "1/2-1/2"]
[WhiteElo "2038"]
[BlackElo "2069"]
[PlyCount "67"]
[EventDate "2012.09.16"]
[EventType "team-tourn"]
[EventRounds "9"]
[EventCountry "GER"]
[SourceTitle "EXT 2017"]
[Source "ChessBase"]
[SourceDate "2016.10.25"]
[SourceVersion "1"]
[SourceVersionDate "2016.10.25"]
[SourceQuality "1"]
[WhiteTeam "Dinslaken"]
[BlackTeam "Letmathe"]
[WhiteTeamCountry "GER"]
[BlackTeamCountry "GER"]

1. Nf3 d5 2. g3 Nf6 3. Bg2 c6 4. 0-0 g6 5. b3 Bg7 6. Bb2 0-0 7. c4 Qb6 8. Qc2 Re8 9. d3 Nbd7 10. cxd5 Nxd5 11. Bxg7 Kxg7 12. Nbd2 e5 13. Nc4 Qc5 14. Qb2 Qe7 15. a3 f6 16. b4 a6 17. Rac1 N7b6 18. Na5 Be6 19. e4 Na4 20. Qc2 Ndb6 21. d4 exd4 22. Nxd4 Bf7 23. Rfd1 Rac8 24. Ndb3 Rc7 25. Nc5 Nxc5 26. Qxc5 Nd7 27. Qd6 Qxd6 28. Rxd6 Be6 29. Bf1 Nb6 30. f3 Kf7 31. Bc4 Nxc4 32. Nxc4 Ke7 33. Rd3 Rd8 34. Rxd8 1/2-1/2

[Event "Schwarzach op 26th"]
[Site "Schwarzach"]
[Date "2011.08.28"]
[Round "9"]
[White "Legahn, Dirk"]
[Black "Neuer, Thomas"]
[Result "1/2-1/2"]
[WhiteElo "2150"]
[BlackElo "2096"]
[PlyCount "56"]
[EventDate "2011.08.20"]
[EventType "swiss"]
[EventRounds "9"]
[EventCountry "AUT"]
[SourceTitle "CBM 144 Extra"]
[Source "ChessBase"]
[SourceDate "2011.10.28"]
[SourceVersion "1"]
[SourceVersionDate "2011.10.28"]
[SourceQuality "1"]

1. d4 e6 2. Nf3 f5 3. g3 Nf6 4. Bg2 d5 5. 0-0 Bd6 6. c4 c6 7. b3 Qe7 8. Bf4 Bxf4 9. gxf4 0-0 10. Nc3 Ne4 11. Qc2 Nd7 12. e3 Kh8 13. Kh1 Ndf6 14. Ne5 Nxc3 15. Qxc3 Ng4 16. Bf3 Nxe5 17. dxe5 b5 18. c5 a5 19. a3 Bd7 20. b4 a4 21. Rg1 Qh4 22. Qd2 Be8 23. Qe2 Rg8 24. Rg3 g5 25. Rxg5 Rxg5 26. fxg5 Qxg5 27. Rg1 Qh4 28. Qf1 Bh5 1/2-1/2

[Event "Schwarzach op 26th"]
[Site "Schwarzach"]
[Date "2011.08.26"]
[Round "7"]
[White "Neuer, Thomas"]
[Black "Loidl, Florian"]
[Result "0-1"]
[WhiteElo "2096"]
[BlackElo "2174"]
[PlyCount "108"]
[EventDate "2011.08.20"]
[EventType "swiss"]
[EventRounds "9"]
[EventCountry "AUT"]
[SourceTitle "CBM 144 Extra"]
[Source "ChessBase"]
[SourceDate "2011.10.28"]
[SourceVersion "1"]
[SourceVersionDate "2011.10.28"]
[SourceQuality "1"]

1. Nf3 Nf6 2. g3 g6 3. b3 Bg7 4. Bb2 0-0 5. Bg2 d5 6. c4 c6 7. 0-0 Bf5 8. d3 Nbd7 9. Nbd2 Re8 10. Qc2 Rc8 11. Rac1 e5 12. cxd5 cxd5 13. Qb1 Rxc1 14. Qxc1 Bh6 15. Qc2 Bf8 16. Rc1 Bd6 17. e4 Be6 18. Ng5 Bc5 19. Nxe6 fxe6 20. Nf3 dxe4 21. dxe4 Ng4 22. Rf1 Qb6 23. h3 Nxf2 24. Rxf2 Rc8 25. Qe2 Bxf2+ 26. Kh2 Qe3 27. Qb5 Nc5 28. Bxe5 Qd3 29. Qa5 Nxe4 30. Qb4 Nc5 31. Qh4 Qf5 32. Qh6 Qf8 33. Qd2 Ne4 34. Qd7 Re8 35. Qxb7 Nd6 36. Qc7 Nf7 37. Bb2 Qd6 38. Qxd6 Nxd6 39. Nd4 Nf5 40. Ne2 Rd8 41. Bc3 Bxg3+ 42. Nxg3 Nxg3 43. Bf6 Rd3 44. b4 Kf7 45. Be5 Ne2 46. a4 Ra3 47. Bc6 Nc3 48. a5 Nd5 49. Bd6 Rb3 50. b5 Nc3 51. b6 axb6 52. a6 Rb2+ 53. Kg3 Ra2 54. Bb7 Rxa6 0-1

[Event "Latschach op 26th"]
[Site "Latschach"]
[Date "2010.08.20"]
[Round "8"]
[White "Pirs, Matjaz"]
[Black "Neuer, Thomas"]
[Result "1/2-1/2"]
[WhiteElo "1934"]
[BlackElo "2090"]
[PlyCount "88"]
[EventDate "2010.08.14"]
[EventType "swiss"]
[EventRounds "9"]
[EventCountry "AUT"]
[SourceTitle "CBM 138 Extra"]
[Source "ChessBase"]
[SourceDate "2010.10.29"]
[SourceVersion "1"]
[SourceVersionDate "2010.10.29"]
[SourceQuality "1"]

1. e4 e6 2. Nc3 d5 3. g3 Nf6 4. e5 Nfd7 5. f4 c5 6. Nf3 Nc6 7. d3 Be7 8. Bh3 a6 9. a4 Rb8 10. 0-0 b5 11. axb5 axb5 12. f5 Ndxe5 13. Nxe5 Nxe5 14. Bf4 Bd6 15. Re1 b4 16. Bxe5 Bxe5 17. Rxe5 bxc3 18. bxc3 Qf6 19. Qe1 0-0 20. fxe6 Bxe6 21. Bxe6 fxe6 22. Rxe6 Qf3 23. Qe2 Qf7 24. Re1 Rb2 25. Kg2 d4 26. c4 Qb7+ 27. Kg1 Qf7 28. Re4 h6 29. Rf4 Qd7 30. Rxf8+ Kxf8 31. Qf3+ Kg8 32. Qa8+ Kh7 33. Qe4+ Kg8 34. Qg6 Rb8 35. Qe6+ Qxe6 36. Rxe6 Rb2 37. Re2 Kf7 38. Kf2 Kf6 39. Kf3 h5 40. Ke4 Ke6 41. Kf4+ Kf6 42. h4 Rb1 43. Kf3 Rf1+ 44. Kg2 Rc1 1/2-1/2

[Event "Latschach op 26th"]
[Site "Latschach"]
[Date "2010.08.16"]
[Round "4"]
[White "Schwarhofer, Christopher"]
[Black "Neuer, Thomas"]
[Result "1-0"]
[WhiteElo "2236"]
[BlackElo "2090"]
[PlyCount "105"]
[EventDate "2010.08.14"]
[EventType "swiss"]
[EventRounds "9"]
[EventCountry "AUT"]
[SourceTitle "CBM 138 Extra"]
[Source "ChessBase"]
[SourceDate "2010.10.29"]
[SourceVersion "1"]
[SourceVersionDate "2010.10.29"]
[SourceQuality "1"]

1. e4 e6 2. d4 d5 3. Nc3 Bb4 4. e5 c5 5. a3 Bxc3+ 6. bxc3 Qa5 7. Bd2 Qa4 8. Qg4 g6 9. Ra2 Nc6 10. Nf3 b6 11. h4 h5 12. Qf4 Ba6 13. Ng5 Nd8 14. Bd3 Bxd3 15. cxd3 Rc8 16. 0-0 c4 17. dxc4 Rxc4 18. Rb1 Qd7 19. Rb4 Rc7 20. Qf3 Ne7 21. Qf6 0-0 22. g4 hxg4 23. h5 Nf5 24. h6 Nxh6 25. Nh7 Nf5 26. Nxf8 Qe7 27. Qxe7 Nxe7 28. Nxg6 Nxg6 29. Kg2 Nc6 30. Rb1 Na5 31. Kg3 Rc4 32. Rb4 Rc8 33. Kxg4 Nc4 34. Bg5 Nf8 35. Rb1 Nh7 36. Rh1 Nxg5 37. Kxg5 Kg7 38. Kf4 Na5 39. f3 Rxc3 40. Rg2+ Kf8 41. Rh8+ Ke7 42. Rgg8 Nc6 43. Rc8 Kd7 44. Rhd8+ Nxd8 45. Rxc3 Nc6 46. Rd3 Ke7 47. Kg5 b5 48. f4 Na5 49. Kh6 a6 50. Kg7 Nc6 51. Rc3 Kd7 52. Rxc6 Kxc6 53. Kxf7 1-0